[Event "April 9 Late 2024"]
[Site "Chess.com"]
[Date "2024.04.09"]
[Round "7"]
[White "Pakleza, Zbigniew"]
[Black "Adla, Diego"]
[Result "0-1"]
[Board "29"]
[WhiteFideId "1119290"]
[BlackFideId "100072"]
[WhiteTitle "GM"]
[BlackTitle "IM"]
[WhiteElo "2893"]
[BlackElo "2683"]
[WhiteTeam "POL"]
[BlackTeam "ARG"]
[WhiteClock "0:00:04"]
[BlackClock "0:00:14"]
[Variant "Standard"]

1. d4 {[%clk 0:03:00]}  Nf6 {[%clk 0:02:59]} 2. Nf3 {[%clk 0:03:01]}  d5 {[%clk 0:02:59]} 3. Bf4 {[%clk 0:03:01]}  c5 {[%clk 0:02:59]} 4. c3 {[%clk 0:03:01]}  Nc6 {[%clk 0:02:59]} 5. Nbd2 {[%clk 0:03:02]}  Nh5 {[%clk 0:02:57]} 6. Bg3 {[%clk 0:02:56]}  Qb6 {[%clk 0:02:42]} 7. Qb3 {[%clk 0:02:55]}  Nxg3 {[%clk 0:02:38]} 8. hxg3 {[%clk 0:02:54]}  g6 {[%clk 0:02:32]} 9. e3 {[%clk 0:02:51]}  Bg7 {[%clk 0:02:27]} 10. Be2 {[%clk 0:02:49]}  O-O {[%clk 0:02:24]} 11. O-O {[%clk 0:02:48]}  Rd8 {[%clk 0:02:21]} 12. Rfd1 {[%clk 0:02:36]}  e5 {[%clk 0:02:18]} 13. dxe5 {[%clk 0:02:27]}  Nxe5 {[%clk 0:02:19]} 14. Nxe5 {[%clk 0:02:28]}  Bxe5 {[%clk 0:02:19]} 15. Nf3 {[%clk 0:02:28]}  Bf6 {[%clk 0:01:49]} 16. Qxb6 {[%clk 0:02:22]}  axb6 {[%clk 0:01:49]} 17. a3 {[%clk 0:02:23]}  Be6 {[%clk 0:01:47]} 18. Rd2 {[%clk 0:02:21]}  Kf8 {[%clk 0:01:47]} 19. Rad1 {[%clk 0:02:21]}  Ke7 {[%clk 0:01:47]} 20. Ne1 {[%clk 0:02:19]}  Rac8 {[%clk 0:01:27]} 21. Bf3 {[%clk 0:02:01]}  d4 {[%clk 0:01:25]} 22. exd4 {[%clk 0:01:58]}  Bb3 {[%clk 0:01:24]} 23. d5 {[%clk 0:01:58]}  Bxd1 {[%clk 0:01:23]} 24. Rxd1 {[%clk 0:01:57]}  Kf8 {[%clk 0:01:19]} 25. Nc2 {[%clk 0:01:43]}  h5 {[%clk 0:01:18]} 26. Kf1 {[%clk 0:01:24]}  Be5 {[%clk 0:01:14]} 27. Ne3 {[%clk 0:01:20]}  b5 {[%clk 0:01:14]} 28. Nc2 {[%clk 0:01:14]}  Rd6 {[%clk 0:01:09]} 29. Be2 {[%clk 0:01:01]}  Rb6 {[%clk 0:01:01]} 30. f4 {[%clk 0:00:53]}  Bf6 {[%clk 0:01:01]} 31. Kf2 {[%clk 0:00:38]}  Rd8 {[%clk 0:01:01]} 32. Kf3 {[%clk 0:00:29]}  Rbd6 {[%clk 0:01:01]} 33. Ne3 {[%clk 0:00:27]}  Rb6 {[%clk 0:00:55]} 34. g4 {[%clk 0:00:25]}  hxg4+ {[%clk 0:00:54]} 35. Nxg4 {[%clk 0:00:26]}  Bg7 {[%clk 0:00:54]} 36. Ne3 {[%clk 0:00:24]}  f5 {[%clk 0:00:51]} 37. g4 {[%clk 0:00:15]}  fxg4+ {[%clk 0:00:50]} 38. Nxg4 {[%clk 0:00:15]}  Rbd6 {[%clk 0:00:46]} 39. Ne3 {[%clk 0:00:15]}  Rb6 {[%clk 0:00:46]} 40. Bd3 {[%clk 0:00:11]}  Kf7 {[%clk 0:00:45]} 41. Be4 {[%clk 0:00:10]}  Rbd6 {[%clk 0:00:40]} 42. Ng4 {[%clk 0:00:09]}  b4 {[%clk 0:00:40]} 43. axb4 {[%clk 0:00:09]}  cxb4 {[%clk 0:00:40]} 44. cxb4 {[%clk 0:00:10]}  Rb6 {[%clk 0:00:39]} 45. Ne5+ {[%clk 0:00:09]}  Kg8 {[%clk 0:00:29]} 46. Nd3 {[%clk 0:00:08]}  Rf8 {[%clk 0:00:25]} 47. Rg1 {[%clk 0:00:08]}  Rff6 {[%clk 0:00:19]} 48. Ke3 {[%clk 0:00:07]}  Bh6 {[%clk 0:00:18]} 49. Kd4 {[%clk 0:00:07]}  Kg7 {[%clk 0:00:16]} 50. Ke5 {[%clk 0:00:05]}  Kf7 {[%clk 0:00:14]} 51. Rg4 {[%clk 0:00:05]}  Bg7 {[%clk 0:00:15]} 52. d6 {[%clk 0:00:04]}  Rfxd6# {[%clk 0:00:14]} 0-1

[Event "April 9 Late 2024"]
[Site "Chess.com"]
[Date "2024.04.09"]
[Round "7"]
[White "Yankelevich, Lev"]
[Black "Shankland, Sam"]
[Result "0-1"]
[Board "30"]
[WhiteFideId "24684074"]
[BlackFideId "2004887"]
[WhiteTitle "GM"]
[BlackTitle "GM"]
[WhiteElo "2677"]
[BlackElo "2886"]
[WhiteTeam "GER"]
[BlackTeam "USA"]
[WhiteClock "0:00:08"]
[BlackClock "0:01:07"]
[Variant "Standard"]

1. d4 {[%clk 0:03:00]}  Nf6 {[%clk 0:02:58]} 2. c4 {[%clk 0:03:01]}  e6 {[%clk 0:02:58]} 3. Nf3 {[%clk 0:03:00]}  d5 {[%clk 0:02:58]} 4. g3 {[%clk 0:03:01]}  Be7 {[%clk 0:02:56]} 5. Bg2 {[%clk 0:03:01]}  O-O {[%clk 0:02:56]} 6. O-O {[%clk 0:03:01]}  dxc4 {[%clk 0:02:57]} 7. Qc2 {[%clk 0:03:01]}  a6 {[%clk 0:02:56]} 8. a4 {[%clk 0:02:38]}  Bd7 {[%clk 0:02:54]} 9. Rd1 {[%clk 0:02:26]}  Bc6 {[%clk 0:02:53]} 10. Nc3 {[%clk 0:02:26]}  Bxf3 {[%clk 0:02:52]} 11. Bxf3 {[%clk 0:02:27]}  Nc6 {[%clk 0:02:52]} 12. Bxc6 {[%clk 0:02:27]}  bxc6 {[%clk 0:02:52]} 13. Bg5 {[%clk 0:02:26]}  Rb8 {[%clk 0:02:51]} 14. Bxf6 {[%clk 0:02:24]}  Bxf6 {[%clk 0:02:50]} 15. Ne4 {[%clk 0:02:25]}  Rb4 {[%clk 0:02:50]} 16. Nc5 {[%clk 0:02:07]}  a5 {[%clk 0:02:29]} 17. Na6 {[%clk 0:02:04]}  Rb6 {[%clk 0:02:29]} 18. Nc5 {[%clk 0:01:54]}  Be7 {[%clk 0:02:03]} 19. Qxc4 {[%clk 0:01:48]}  Rxb2 {[%clk 0:02:02]} 20. Rab1 {[%clk 0:01:45]}  Rb6 {[%clk 0:01:58]} 21. Nd3 {[%clk 0:01:38]}  Qd5 {[%clk 0:01:57]} 22. Qxd5 {[%clk 0:01:27]}  cxd5 {[%clk 0:01:57]} 23. Rxb6 {[%clk 0:00:59]}  cxb6 {[%clk 0:01:56]} 24. Rc1 {[%clk 0:01:00]}  Rb8 {[%clk 0:01:53]} 25. Ne5 {[%clk 0:01:00]}  g5 {[%clk 0:01:31]} 26. Nc6 {[%clk 0:00:40]}  Rb7 {[%clk 0:01:30]} 27. Nxe7+ {[%clk 0:00:39]}  Rxe7 {[%clk 0:01:30]} 28. e3 {[%clk 0:00:23]}  Rb7 {[%clk 0:01:28]} 29. Rb1 {[%clk 0:00:15]}  g4 {[%clk 0:01:25]} 30. Kg2 {[%clk 0:00:14]}  Kf8 {[%clk 0:01:26]} 31. h3 {[%clk 0:00:14]}  h5 {[%clk 0:01:25]} 32. hxg4 {[%clk 0:00:15]}  hxg4 {[%clk 0:01:26]} 33. Kf1 {[%clk 0:00:16]}  Ke7 {[%clk 0:01:25]} 34. Ke2 {[%clk 0:00:16]}  Kd6 {[%clk 0:01:26]} 35. Kd3 {[%clk 0:00:17]}  f5 {[%clk 0:01:25]} 36. Kd2 {[%clk 0:00:14]}  Rb8 {[%clk 0:01:25]} 37. Kd3 {[%clk 0:00:12]}  Kc6 {[%clk 0:01:25]} 38. Rc1+ {[%clk 0:00:13]}  Kb7 {[%clk 0:01:25]} 39. Rh1 {[%clk 0:00:13]}  Rc8 {[%clk 0:01:24]} 40. Rh6 {[%clk 0:00:13]}  Rc6 {[%clk 0:01:24]} 41. Rg6 {[%clk 0:00:12]}  Ka6 {[%clk 0:01:24]} 42. Rf6 {[%clk 0:00:11]}  b5 {[%clk 0:01:22]} 43. axb5+ {[%clk 0:00:12]}  Kxb5 {[%clk 0:01:23]} 44. Rf8 {[%clk 0:00:11]}  a4 {[%clk 0:01:23]} 45. Rb8+ {[%clk 0:00:11]}  Rb6 {[%clk 0:01:21]} 46. Ra8 {[%clk 0:00:06]}  Kb4 {[%clk 0:01:21]} 47. Kc2 {[%clk 0:00:06]}  a3 {[%clk 0:01:19]} 48. Kb1 {[%clk 0:00:05]}  Kb3 {[%clk 0:01:19]} 49. Ka1 {[%clk 0:00:05]}  Rb4 {[%clk 0:01:16]} 50. Ra6 {[%clk 0:00:04]}  Rc4 {[%clk 0:01:10]} 51. Rb6+ {[%clk 0:00:04]}  Ka4 {[%clk 0:01:10]} 52. Rxe6 {[%clk 0:00:04]}  Rc1+ {[%clk 0:01:10]} 53. Ka2 {[%clk 0:00:04]}  Rc2+ {[%clk 0:01:10]} 54. Ka1 {[%clk 0:00:05]}  Rxf2 {[%clk 0:01:10]} 55. Rd6 {[%clk 0:00:05]}  Kb3 {[%clk 0:01:11]} 56. Rb6+ {[%clk 0:00:05]}  Kc4 {[%clk 0:01:11]} 57. Rc6+ {[%clk 0:00:05]}  Kd3 {[%clk 0:01:11]} 58. Rc5 {[%clk 0:00:05]}  Ke4 {[%clk 0:01:11]} 59. Rc3 {[%clk 0:00:04]}  Rf3 {[%clk 0:01:11]} 60. Rxa3 {[%clk 0:00:05]}  Rxg3 {[%clk 0:01:11]} 61. Kb2 {[%clk 0:00:05]}  Rxe3 {[%clk 0:01:11]} 62. Ra8 {[%clk 0:00:06]}  g3 {[%clk 0:01:11]} 63. Kc2 {[%clk 0:00:07]}  f4 {[%clk 0:01:09]} 64. Rg8 {[%clk 0:00:08]}  Kf3 {[%clk 0:01:09]} 65. Kd2 {[%clk 0:00:09]}  Re4 {[%clk 0:01:08]} 66. Rg7 {[%clk 0:00:10]}  Kf2 {[%clk 0:01:08]} 67. Kd3 {[%clk 0:00:08]}  f3 {[%clk 0:01:08]} 68. Kd2 {[%clk 0:00:08]}  g2 {[%clk 0:01:07]} 69. Kd3 {[%clk 0:00:08]} 0-1

[Event "April 9 Late 2024"]
[Site "Chess.com"]
[Date "2024.04.09"]
[Round "7"]
[White "Mendes Aaron Reeve"]
[Black "Urazayev, Arystanbek"]
[Result "0-1"]
[Board "34"]
[WhiteFideId "25954938"]
[BlackFideId "13709810"]
[WhiteTitle "FM"]
[BlackTitle "IM"]
[WhiteElo "2658"]
[BlackElo "2851"]
[WhiteTeam "CAN"]
[BlackTeam "KAZ"]
[WhiteClock "0:00:23"]
[BlackClock "0:00:52"]
[Variant "Standard"]

1. b3 {[%clk 0:02:56]}  d5 {[%clk 0:02:59]} 2. Bb2 {[%clk 0:02:56]}  Nf6 {[%clk 0:02:59]} 3. g3 {[%clk 0:02:56]}  e6 {[%clk 0:03:00]} 4. Bg2 {[%clk 0:02:57]}  Be7 {[%clk 0:03:00]} 5. d3 {[%clk 0:02:58]}  O-O {[%clk 0:03:01]} 6. Nd2 {[%clk 0:02:58]}  b6 {[%clk 0:03:01]} 7. e4 {[%clk 0:02:59]}  Bb7 {[%clk 0:03:02]} 8. e5 {[%clk 0:02:59]}  Nfd7 {[%clk 0:03:01]} 9. f4 {[%clk 0:03:00]}  c5 {[%clk 0:03:01]} 10. Ngf3 {[%clk 0:03:00]}  Nc6 {[%clk 0:02:58]} 11. O-O {[%clk 0:03:01]}  b5 {[%clk 0:02:52]} 12. Qe2 {[%clk 0:02:58]}  Nb6 {[%clk 0:02:51]} 13. c4 {[%clk 0:02:55]}  dxc4 {[%clk 0:02:49]} 14. dxc4 {[%clk 0:02:53]}  Nd4 {[%clk 0:02:41]} 15. Nxd4 {[%clk 0:02:44]}  Bxg2 {[%clk 0:02:42]} 16. Qxg2 {[%clk 0:02:43]}  cxd4 {[%clk 0:02:42]} 17. cxb5 {[%clk 0:02:43]}  d3 {[%clk 0:02:39]} 18. Rac1 {[%clk 0:02:40]}  Nd5 {[%clk 0:02:36]} 19. Qe4 {[%clk 0:02:35]}  Qa5 {[%clk 0:02:22]} 20. Qxd3 {[%clk 0:02:29]}  Qxa2 {[%clk 0:02:20]} 21. Bd4 {[%clk 0:02:23]}  Nb4 {[%clk 0:02:12]} 22. Qc3 {[%clk 0:02:14]}  Rfd8 {[%clk 0:02:05]} 23. Nc4 {[%clk 0:02:06]}  Qe2 {[%clk 0:01:58]} 24. Nd6 {[%clk 0:01:59]}  Na2 {[%clk 0:01:45]} 25. Qc7 {[%clk 0:01:37]}  Bxd6 {[%clk 0:01:41]} 26. exd6 {[%clk 0:01:37]}  Nxc1 {[%clk 0:01:39]} 27. Rxc1 {[%clk 0:01:37]}  Qxb5 {[%clk 0:01:35]} 28. Bxa7 {[%clk 0:01:27]}  Qd5 {[%clk 0:01:23]} 29. Bc5 {[%clk 0:01:15]}  Rac8 {[%clk 0:01:22]} 30. Qb6 {[%clk 0:01:01]}  Rxd6 {[%clk 0:01:20]} 31. Qxd6 {[%clk 0:00:58]}  Qxd6 {[%clk 0:01:20]} 32. Bxd6 {[%clk 0:00:59]}  Rxc1+ {[%clk 0:01:20]} 33. Kg2 {[%clk 0:01:00]}  Rc2+ {[%clk 0:01:08]} 34. Kh3 {[%clk 0:00:56]}  f6 {[%clk 0:01:06]} 35. b4 {[%clk 0:00:54]}  Kf7 {[%clk 0:01:06]} 36. g4 {[%clk 0:00:52]}  Rd2 {[%clk 0:00:59]} 37. Bc5 {[%clk 0:00:49]}  e5 {[%clk 0:00:52]} 38. f5 {[%clk 0:00:44]}  Rd3+ {[%clk 0:00:49]} 39. Kg2 {[%clk 0:00:42]}  Rb3 {[%clk 0:00:50]} 40. h4 {[%clk 0:00:40]}  g6 {[%clk 0:00:51]} 41. fxg6+ {[%clk 0:00:37]}  hxg6 {[%clk 0:00:51]} 42. Kf2 {[%clk 0:00:38]}  f5 {[%clk 0:00:51]} 43. gxf5 {[%clk 0:00:26]}  gxf5 {[%clk 0:00:51]} 44. Kg2 {[%clk 0:00:27]}  Kg6 {[%clk 0:00:52]} 45. Be7 {[%clk 0:00:24]}  Kh5 {[%clk 0:00:52]} 46. Kf2 {[%clk 0:00:23]}  Kg4 {[%clk 0:00:50]} 47. Ke2 {[%clk 0:00:23]}  f4 {[%clk 0:00:51]} 48. Kf2 {[%clk 0:00:23]}  e4 {[%clk 0:00:51]} 49. Ke2 {[%clk 0:00:23]}  f3+ {[%clk 0:00:51]} 50. Kf2 {[%clk 0:00:23]}  e3+ {[%clk 0:00:51]} 51. Kf1 {[%clk 0:00:23]}  Rb1# {[%clk 0:00:52]} 0-1

[Event "April 9 Late 2024"]
[Site "Chess.com"]
[Date "2024.04.09"]
[Round "7"]
[White "Rozman, Levy"]
[Black "Weetik, Vjacheslav"]
[Result "1-0"]
[Board "37"]
[WhiteFideId "2039877"]
[BlackFideId "4153472"]
[WhiteTitle "IM"]
[BlackTitle "FM"]
[WhiteElo "2649"]
[BlackElo "2788"]
[WhiteTeam "USA"]
[BlackTeam "RUS"]
[WhiteClock "0:00:09"]
[BlackClock "0:00:06"]
[Variant "Standard"]

1. e4 {[%clk 0:03:00]}  c6 {[%clk 0:02:59]} 2. d4 {[%clk 0:03:00]}  d5 {[%clk 0:02:59]} 3. f3 {[%clk 0:03:01]}  dxe4 {[%clk 0:02:56]} 4. fxe4 {[%clk 0:03:02]}  e5 {[%clk 0:02:57]} 5. Nf3 {[%clk 0:02:45]}  Bg4 {[%clk 0:02:57]} 6. c3 {[%clk 0:02:39]}  Nd7 {[%clk 0:02:56]} 7. Bd3 {[%clk 0:02:37]}  Bd6 {[%clk 0:02:49]} 8. O-O {[%clk 0:02:35]}  Ngf6 {[%clk 0:02:47]} 9. Bg5 {[%clk 0:02:35]}  Qc7 {[%clk 0:02:39]} 10. Nbd2 {[%clk 0:02:31]}  exd4 {[%clk 0:02:22]} 11. cxd4 {[%clk 0:02:20]}  Bxh2+ {[%clk 0:02:22]} 12. Kh1 {[%clk 0:02:17]}  Bf4 {[%clk 0:02:22]} 13. Qe1 {[%clk 0:01:54]}  O-O-O {[%clk 0:01:00]} 14. e5 {[%clk 0:01:47]}  Nh5 {[%clk 0:00:52]} 15. Bxf4 {[%clk 0:01:40]}  Nxf4 {[%clk 0:00:52]} 16. Qg3 {[%clk 0:01:27]}  Nxd3 {[%clk 0:00:40]} 17. Qxg4 {[%clk 0:01:26]}  f6 {[%clk 0:00:18]} 18. e6 {[%clk 0:01:17]}  Nb6 {[%clk 0:00:18]} 19. e7+ {[%clk 0:01:09]}  Rd7 {[%clk 0:00:18]} 20. Qe4 {[%clk 0:01:09]}  Rxe7 {[%clk 0:00:13]} 21. Qxd3 {[%clk 0:01:09]}  Nd5 {[%clk 0:00:14]} 22. Rae1 {[%clk 0:01:05]}  Rhe8 {[%clk 0:00:13]} 23. Rxe7 {[%clk 0:01:03]}  Rxe7 {[%clk 0:00:14]} 24. Re1 {[%clk 0:00:57]}  Rxe1+ {[%clk 0:00:13]} 25. Nxe1 {[%clk 0:00:58]}  g6 {[%clk 0:00:13]} 26. Nef3 {[%clk 0:00:49]}  Qg3 {[%clk 0:00:13]} 27. Ne4 {[%clk 0:00:38]}  Qxg2+ {[%clk 0:00:13]} 28. Kxg2 {[%clk 0:00:39]}  Nf4+ {[%clk 0:00:14]} 29. Kg3 {[%clk 0:00:35]}  Nxd3 {[%clk 0:00:15]} 30. Nxf6 {[%clk 0:00:36]}  Nxb2 {[%clk 0:00:15]} 31. Nxh7 {[%clk 0:00:36]}  Kd7 {[%clk 0:00:14]} 32. Nf8+ {[%clk 0:00:34]}  Kd6 {[%clk 0:00:14]} 33. Nxg6 {[%clk 0:00:35]}  Kd5 {[%clk 0:00:13]} 34. Ne7+ {[%clk 0:00:25]}  Ke4 {[%clk 0:00:13]} 35. Nc8 {[%clk 0:00:20]}  Nc4 {[%clk 0:00:05]} 36. Nxa7 {[%clk 0:00:19]}  Ne3 {[%clk 0:00:02]} 37. Kf2 {[%clk 0:00:15]}  Nc2 {[%clk 0:00:02]} 38. Ke2 {[%clk 0:00:15]}  Nxd4+ {[%clk 0:00:02]} 39. Nxd4 {[%clk 0:00:16]}  Kxd4 {[%clk 0:00:03]} 40. Kd2 {[%clk 0:00:17]}  Kc4 {[%clk 0:00:04]} 41. Kc2 {[%clk 0:00:17]}  Kb4 {[%clk 0:00:04]} 42. Kb2 {[%clk 0:00:16]}  b5 {[%clk 0:00:04]} 43. Nxc6+ {[%clk 0:00:16]}  Kc5 {[%clk 0:00:04]} 44. Ne5 {[%clk 0:00:16]}  Kd4 {[%clk 0:00:04]} 45. Nf3+ {[%clk 0:00:16]}  Kc4 {[%clk 0:00:05]} 46. Nd2+ {[%clk 0:00:16]}  Kb4 {[%clk 0:00:05]} 47. Nb1 {[%clk 0:00:15]}  Kc4 {[%clk 0:00:05]} 48. Nc3 {[%clk 0:00:07]}  Kb4 {[%clk 0:00:05]} 49. Nd5+ {[%clk 0:00:08]}  Kc4 {[%clk 0:00:05]} 50. Ne3+ {[%clk 0:00:08]}  Kb4 {[%clk 0:00:06]} 51. Nc2+ {[%clk 0:00:09]}  Kc4 {[%clk 0:00:06]} 52. a3 {[%clk 0:00:08]}  Kd5 {[%clk 0:00:06]} 53. Kb3 {[%clk 0:00:08]}  Kc5 {[%clk 0:00:07]} 54. Kc3 {[%clk 0:00:08]}  Kd5 {[%clk 0:00:06]} 55. Kb4 {[%clk 0:00:09]} 1-0

[Event "April 9 Late 2024"]
[Site "Chess.com"]
[Date "2024.04.09"]
[Round "7"]
[White "Rosen, Eric"]
[Black "Zavgorodniy, Sergiy"]
[Result "1-0"]
[Board "40"]
[WhiteFideId "2032562"]
[BlackFideId "14110148"]
[WhiteTitle "IM"]
[BlackTitle "IM"]
[WhiteElo "2772"]
[BlackElo "2621"]
[WhiteTeam "USA"]
[BlackTeam "UKR"]
[WhiteClock "0:00:04"]
[BlackClock "0:00:03"]
[Variant "Standard"]

1. d4 {[%clk 0:03:00]}  d5 {[%clk 0:02:57]} 2. Bf4 {[%clk 0:03:01]}  Nf6 {[%clk 0:02:56]} 3. e3 {[%clk 0:03:01]}  e6 {[%clk 0:02:55]} 4. Nf3 {[%clk 0:03:02]}  c5 {[%clk 0:02:55]} 5. Nbd2 {[%clk 0:03:02]}  Bd6 {[%clk 0:02:55]} 6. Bb5+ {[%clk 0:03:01]}  Nc6 {[%clk 0:02:54]} 7. O-O {[%clk 0:02:58]}  O-O {[%clk 0:02:53]} 8. c3 {[%clk 0:02:50]}  Bxf4 {[%clk 0:02:48]} 9. exf4 {[%clk 0:02:49]}  cxd4 {[%clk 0:02:48]} 10. Bxc6 {[%clk 0:02:47]}  dxc3 {[%clk 0:02:46]} 11. Bxb7 {[%clk 0:02:37]}  Bxb7 {[%clk 0:02:34]} 12. bxc3 {[%clk 0:02:37]}  Rc8 {[%clk 0:02:30]} 13. Qb3 {[%clk 0:02:34]}  Ba6 {[%clk 0:02:28]} 14. Rfc1 {[%clk 0:02:33]}  Qc7 {[%clk 0:02:24]} 15. Ne5 {[%clk 0:02:29]}  Rb8 {[%clk 0:02:23]} 16. Qa3 {[%clk 0:02:29]}  Be2 {[%clk 0:02:15]} 17. Re1 {[%clk 0:02:20]}  Bb5 {[%clk 0:02:08]} 18. Rab1 {[%clk 0:02:20]}  Rfc8 {[%clk 0:02:07]} 19. Rec1 {[%clk 0:02:14]}  g6 {[%clk 0:02:04]} 20. h3 {[%clk 0:02:08]}  Kg7 {[%clk 0:02:03]} 21. c4 {[%clk 0:01:54]}  Bxc4 {[%clk 0:02:02]} 22. Rxb8 {[%clk 0:01:50]}  Qxb8 {[%clk 0:01:58]} 23. Qe7 {[%clk 0:01:11]}  Rc7 {[%clk 0:01:53]} 24. Qd6 {[%clk 0:00:56]}  Ne8 {[%clk 0:01:45]} 25. Qa3 {[%clk 0:00:53]}  Be2 {[%clk 0:01:38]} 26. Rb1 {[%clk 0:00:34]}  Qd8 {[%clk 0:01:32]} 27. Qe3 {[%clk 0:00:34]}  Ba6 {[%clk 0:01:28]} 28. Qd4 {[%clk 0:00:32]}  f6 {[%clk 0:01:27]} 29. Ng4 {[%clk 0:00:30]}  h5 {[%clk 0:01:25]} 30. Ne3 {[%clk 0:00:30]}  Nd6 {[%clk 0:01:20]} 31. g4 {[%clk 0:00:27]}  hxg4 {[%clk 0:01:19]} 32. hxg4 {[%clk 0:00:28]}  Nb5 {[%clk 0:01:09]} 33. Qa4 {[%clk 0:00:12]}  Nc3 {[%clk 0:01:07]} 34. Qxa6 {[%clk 0:00:12]}  Nxb1 {[%clk 0:01:07]} 35. Nxb1 {[%clk 0:00:10]}  Rc1+ {[%clk 0:01:07]} 36. Kg2 {[%clk 0:00:11]}  Rxb1 {[%clk 0:01:07]} 37. Qxa7+ {[%clk 0:00:11]}  Kg8 {[%clk 0:01:03]} 38. g5 {[%clk 0:00:12]}  f5 {[%clk 0:00:46]} 39. Nc2 {[%clk 0:00:06]}  Qc8 {[%clk 0:00:27]} 40. Nd4 {[%clk 0:00:05]}  Rb7 {[%clk 0:00:27]} 41. Qa6 {[%clk 0:00:05]}  Rc7 {[%clk 0:00:19]} 42. Qd6 {[%clk 0:00:04]}  Kf7 {[%clk 0:00:18]} 43. Nf3 {[%clk 0:00:04]}  Kg8 {[%clk 0:00:14]} 44. Ne5 {[%clk 0:00:05]}  Rg7 {[%clk 0:00:12]} 45. a4 {[%clk 0:00:05]}  Kh7 {[%clk 0:00:12]} 46. a5 {[%clk 0:00:05]}  Qc1 {[%clk 0:00:11]} 47. Nd7 {[%clk 0:00:05]}  Rf7 {[%clk 0:00:08]} 48. Nf6+ {[%clk 0:00:04]}  Kg7 {[%clk 0:00:08]} 49. Qe5 {[%clk 0:00:04]}  Kf8 {[%clk 0:00:07]} 50. Qb8+ {[%clk 0:00:04]}  Ke7 {[%clk 0:00:07]} 51. Qe8+ {[%clk 0:00:03]}  Kd6 {[%clk 0:00:08]} 52. Qd8+ {[%clk 0:00:03]}  Kc5 {[%clk 0:00:06]} 53. Qb6+ {[%clk 0:00:03]}  Kc4 {[%clk 0:00:05]} 54. Qc6+ {[%clk 0:00:04]}  Kd3 {[%clk 0:00:03]} 55. Qxc1 {[%clk 0:00:04]} 1-0

[Event "April 9 Late 2024"]
[Site "Chess.com"]
[Date "2024.04.09"]
[Round "7"]
[White "Kosteniuk, Alexandra"]
[Black "Ambartsumova, Karina"]
[Result "1-0"]
[Board "41"]
[WhiteFideId "4128125"]
[BlackFideId "4166299"]
[WhiteTitle "GM"]
[BlackTitle "IM"]
[WhiteElo "2771"]
[BlackElo "2612"]
[WhiteTeam "SUI"]
[BlackTeam "RUS"]
[WhiteClock "0:00:17"]
[BlackClock "0:00:02"]
[Variant "Standard"]

1. e4 {[%clk 0:03:00]}  e5 {[%clk 0:03:00]} 2. Nf3 {[%clk 0:03:01]}  Nc6 {[%clk 0:03:00]} 3. Bb5 {[%clk 0:03:01]}  Nge7 {[%clk 0:03:01]} 4. d4 {[%clk 0:02:57]}  exd4 {[%clk 0:02:54]} 5. O-O {[%clk 0:02:57]}  Ng6 {[%clk 0:02:52]} 6. Nxd4 {[%clk 0:02:55]}  Nxd4 {[%clk 0:02:53]} 7. Qxd4 {[%clk 0:02:54]}  c6 {[%clk 0:02:53]} 8. Bc4 {[%clk 0:02:52]}  b5 {[%clk 0:02:43]} 9. Bb3 {[%clk 0:02:52]}  Qb6 {[%clk 0:02:43]} 10. Qc3 {[%clk 0:02:45]}  b4 {[%clk 0:02:24]} 11. Qf3 {[%clk 0:02:44]}  Ne5 {[%clk 0:02:13]} 12. Qg3 {[%clk 0:02:44]}  d6 {[%clk 0:02:10]} 13. Be3 {[%clk 0:02:43]}  Qc7 {[%clk 0:02:10]} 14. f4 {[%clk 0:02:43]}  Ng6 {[%clk 0:02:11]} 15. Nd2 {[%clk 0:02:42]}  a5 {[%clk 0:02:03]} 16. a3 {[%clk 0:02:41]}  bxa3 {[%clk 0:01:41]} 17. Rxa3 {[%clk 0:02:41]}  h5 {[%clk 0:01:40]} 18. Ra4 {[%clk 0:02:35]}  h4 {[%clk 0:01:38]} 19. Qf3 {[%clk 0:02:34]}  Be7 {[%clk 0:01:33]} 20. e5 {[%clk 0:02:32]}  d5 {[%clk 0:01:27]} 21. Bd4 {[%clk 0:02:24]}  Bf5 {[%clk 0:01:25]} 22. c4 {[%clk 0:02:18]}  O-O {[%clk 0:01:04]} 23. cxd5 {[%clk 0:02:12]}  cxd5 {[%clk 0:01:05]} 24. Qh5 {[%clk 0:02:02]}  Qd7 {[%clk 0:00:51]} 25. Qf3 {[%clk 0:01:54]}  Rab8 {[%clk 0:00:41]} 26. Rxa5 {[%clk 0:01:48]}  Bb4 {[%clk 0:00:39]} 27. Rxd5 {[%clk 0:01:48]}  Qb7 {[%clk 0:00:34]} 28. Ne4 {[%clk 0:01:39]}  Be7 {[%clk 0:00:15]} 29. Bc4 {[%clk 0:01:29]}  Rfc8 {[%clk 0:00:15]} 30. b3 {[%clk 0:01:28]}  Qa8 {[%clk 0:00:12]} 31. Nd6 {[%clk 0:01:16]}  Bxd6 {[%clk 0:00:12]} 32. exd6 {[%clk 0:01:16]}  Be6 {[%clk 0:00:11]} 33. Rc5 {[%clk 0:01:10]}  Qxf3 {[%clk 0:00:10]} 34. Rxf3 {[%clk 0:01:10]}  Rxc5 {[%clk 0:00:08]} 35. Bxc5 {[%clk 0:01:10]}  Nf8 {[%clk 0:00:09]} 36. h3 {[%clk 0:01:04]}  Nd7 {[%clk 0:00:09]} 37. Bf2 {[%clk 0:01:04]}  Rc8 {[%clk 0:00:08]} 38. Bxe6 {[%clk 0:01:03]}  fxe6 {[%clk 0:00:09]} 39. Bxh4 {[%clk 0:01:03]}  Kf7 {[%clk 0:00:09]} 40. b4 {[%clk 0:01:00]}  Rc1+ {[%clk 0:00:09]} 41. Kh2 {[%clk 0:01:00]}  Rb1 {[%clk 0:00:09]} 42. Rc3 {[%clk 0:00:56]}  Rxb4 {[%clk 0:00:09]} 43. Rc7 {[%clk 0:00:57]}  Ke8 {[%clk 0:00:10]} 44. Rc8+ {[%clk 0:00:57]}  Kf7 {[%clk 0:00:10]} 45. Rd8 {[%clk 0:00:57]}  Nf6 {[%clk 0:00:11]} 46. Bg5 {[%clk 0:00:48]}  Rd4 {[%clk 0:00:10]} 47. h4 {[%clk 0:00:44]}  e5 {[%clk 0:00:07]} 48. fxe5 {[%clk 0:00:42]}  Ng4+ {[%clk 0:00:07]} 49. Kg3 {[%clk 0:00:42]}  Nxe5 {[%clk 0:00:08]} 50. Bf4 {[%clk 0:00:36]}  Nc6 {[%clk 0:00:05]} 51. Rd7+ {[%clk 0:00:36]}  Kf6 {[%clk 0:00:03]} 52. Rc7 {[%clk 0:00:33]}  Rd3+ {[%clk 0:00:04]} 53. Kg4 {[%clk 0:00:31]}  Nd4 {[%clk 0:00:04]} 54. d7 {[%clk 0:00:29]}  Ne6 {[%clk 0:00:04]} 55. Bg5+ {[%clk 0:00:21]}  Kg6 {[%clk 0:00:02]} 56. Rc6 {[%clk 0:00:17]}  Rd4+ {[%clk 0:00:03]} 57. Kf3 {[%clk 0:00:17]}  Kf5 {[%clk 0:00:03]} 58. Rxe6 {[%clk 0:00:17]}  Kxe6 {[%clk 0:00:02]} 59. d8=Q {[%clk 0:00:17]} 1-0